Giáo trình quản lý kinh tế Dùng cho hệ cử nhân chính trị

Wedi'i Gadw mewn:
Manylion Llyfryddiaeth
Awdur Corfforaethol: Học viện Chính trị Quốc gia
Fformat: Llyfr
Iaith:Undetermined
Cyhoeddwyd: H. CTQG
Pynciau:
Tagiau: Ychwanegu Tag
Dim Tagiau, Byddwch y cyntaf i dagio'r cofnod hwn!
Thư viện lưu trữ: Trung tâm Học liệu Trường Đại học Cần Thơ
LEADER 00611nam a2200193Ia 4500
001 CTU_49985
008 210402s9999 xx 000 0 und d
082 |a 354 
082 |b Kh401 
110 |a Học viện Chính trị Quốc gia 
245 0 |a Giáo trình quản lý kinh tế 
245 0 |b Dùng cho hệ cử nhân chính trị 
245 0 |c Học viện Chính trị Quốc gia 
260 |a H. 
260 |b CTQG 
526 |a Thị trường hạt giống 
526 |b NNG608 
650 |a public administration 
980 |a Trung tâm Học liệu Trường Đại học Cần Thơ